000 00509nam a22001817a 4500
005 20161104101659.0
010 _aENG-116195
020 _a9789380677712
_c325.00
035 _aEN-99727
037 _bDBAD/PUB
082 _a306.2
245 _aPoltical sociology /
_bedited by Pradeep Basu
260 _aKolkata
_bSetu Prakashni
_c2015
270 _a12/A Sankar Ghosh Lane
_bKolkata
_e700006
300 _ax,246p.
_b21cm(pbk)
700 _a Basu, Pradeep
942 _2ddc
_cEN
_h306.2
_mPOL
999 _c103953
_d103953